Normal view
MARC view
Entry Geographic Name
001 - CONTROL NUMBER
- control field: 21812
003 - CONTROL NUMBER IDENTIFIER
- control field: ARRUPE
005 - DATE AND TIME OF LATEST TRANSACTION
- control field: 20160126122113.0
008 - FIXED-LENGTH DATA ELEMENTS
- fixed length control field: 160126|| aca||aabn | a|a d
040 ## - CATALOGING SOURCE
- Original cataloging agency: ARRUPE
- Transcribing agency: ARRUPE
151 ## - HEADING--GEOGRAPHIC NAME
- Geographic name: Europe
670 ## - SOURCE DATA FOUND
- Source citation: Work cat.: (ARRUPE)88054: Tafur, Pero 21810, Travels and adventures, 1435-1439